Kinh tế Sài Gòn Số 6&7-2024 (1.730&1.732)
Nội dung số này trình bày:thư toà soạn, nghĩ chậm - AI, kỹ năng hạnh phúc, hy vọng 2024,...
Đã lưu trong:
| Định dạng: | Sách |
|---|---|
| Ngôn ngữ: | Vietnamese |
| Được phát hành: |
Tp. Hồ Chí Minh
Saigon times group
2024
|
| Những chủ đề: | |
| Các nhãn: |
Thêm thẻ
Không có thẻ, Là người đầu tiên thẻ bản ghi này!
|
| Thư viện lưu trữ: | Thư viện Trường Đại học Nam Cần Thơ |
|---|
| LEADER | 01218nam a22002537a 4500 | ||
|---|---|---|---|
| 001 | NCT_4_003418 | ||
| 008 | 240220b xxu||||| |||| 00| 0 vie d | ||
| 999 | |c 8043 |d 8043 | ||
| 020 | |c 70000 | ||
| 022 | |a 0868-3344 | ||
| 041 | 0 | |a vie | |
| 082 | 0 | 4 | |2 23rd ed. |a 330 |b Th462B |
| 245 | 0 | 0 | |a Kinh tế Sài Gòn |n Số 6&7-2024 (1.730&1.732) |c Uỷ ban nhân dân Thành phố Hồ Chí Minh |
| 260 | |a Tp. Hồ Chí Minh |b Saigon times group |c 2024 | ||
| 300 | |c 29cm | ||
| 310 | |a 1 tháng 4 kỳ | ||
| 362 | |a 8&15-2-2024 | ||
| 520 | 3 | |a Nội dung số này trình bày:thư toà soạn, nghĩ chậm - AI, kỹ năng hạnh phúc, hy vọng 2024,... | |
| 655 | |a Tạp chí | ||
| 942 | |2 ddc |c CR | ||
| 952 | |0 0 |1 0 |2 ddc |4 0 |6 330_000000000000000_TH462B |7 0 |9 28426 |a 000001 |b 000001 |d 2024-02-20 |o 330 Th462B |r 2024-02-20 |v 70000.00 |w 2024-02-20 |y CR | ||
| 952 | |0 0 |1 0 |2 ddc |4 0 |6 330_000000000000000_TH462B |7 0 |9 28427 |a 000001 |b 000001 |d 2024-02-20 |o 330 Th462B |r 2024-02-20 |v 70000.00 |w 2024-02-20 |y CR | ||
| 952 | |0 0 |1 0 |2 ddc |4 0 |6 330_000000000000000_TH462B |7 0 |9 28428 |a 000001 |b 000001 |d 2024-02-20 |o 330 Th462B |r 2024-02-20 |v 70000.00 |w 2024-02-20 |y CR | ||
| 980 | |a Thư viện Trường Đại học Nam Cần Thơ | ||